000 00293nam a2200121Ia 4500
008 220204s9999 xx 000 0 und d
082 _a159.928
_bLEG
100 _aBarber, Paul J
245 0 _aInformation and skill
260 _aLondon
_bMethuen
_c1976
700 _aLegge, David
942 _cBK
999 _c26331
_d26331